000 00802nam a2200289Ia 4500
005 20260324142604.0
008 008 260324s9999 xx 000 0 eng d
020 _a9781315484532
037 _aEBOOK
040 _aCRL
040 _beng
040 _cCRL
041 _2eng
041 _aeng
084 _qCRL
100 _aRobert Pollin; Gary Dymski; Gerald Epstein
_91212509
245 0 _aTransforming the U.S. Financial System: An Equitable and Efficient Structure for the 21st Century
245 3 _bAn Equitable and Efficient Structure for the 21st Century
260 _bTaylor and Francis
260 _c1994
365 _a
365 _b145
856 _uhttp://www.taylorfrancis.com/books/9781315484532
942 _cEBOOK
999 _c1816868
_d1816868